000 00860cam a2200325 4500500
005 20260405003535.0
041 _afre
042 _adc
100 1 0 _aDegiovanni, Clara
_eauthor
245 0 0 _aL’avion a-t-il du plomb dans l’aile ?
260 _c2022.
500 _a2
690 _aAir
690 _aAventure
690 _aAvion
690 _aBachelard
690 _aBaudrillard
690 _aCarbone
690 _aConsommation
690 _aCulpabilité
690 _aDette
690 _aÉcologie
690 _aHonte
690 _aPétrole
690 _aSaint-Exupéry
690 _aTourisme
690 _aTransport aérien
786 0 _nPhilosophie magazine | 161 | 8 | 2022-07-01 | p. 19-21 | 1951-1787
856 4 1 _uhttps://shs.cairn.info/magazine-philosophie-magazine-2022-8-page-19?lang=fr&redirect-ssocas=7080
999 _c2068519
_d2068519